000 00665nam a22002177a 4500
005 20170124105942.0
010 _aA-516490
020 _c00.00
_a8170362555
035 _aA-516490
037 _bCen Lib/Ret
040 _aDPL
_bEN
082 _a338.954
_bBER
245 _aClass, state and development in india /
_cedited by Berch Berberoglu
260 _aNew Delhi
_bSage Publications
_c1992
270 _aM 32 Greater Kailash Market I
_bNew Delhi
_e110048
300 _a329p.
_c22cmHb)
650 _aCapitalism
_961086
650 _aEconomic history
_96496
700 _aBerberoglu, Berch
_911469
942 _2ddc
_cEN
_h338.954
_mBER
999 _c124643
_d124643